| 000 | 00734nam a22001817a 4500 | ||
|---|---|---|---|
| 005 | 20231214153608.0 | ||
| 010 | _aB-756150-155 | ||
| 020 |
_a9789395029667 _c450.00 |
||
| 035 | _aB-756150-155 | ||
| 037 | _aVaibhav Publications | ||
| 082 | _a480 | ||
| 245 |
_aPinnacle SSC 60 Days English Vocabulary 3rd Edition/ _b20,0000+words (English/Hindi) |
||
| 260 |
_aNew Delhi _bPinnacle Publications _c2023 |
||
| 270 |
_a24/4806, Mathur Lane Daryaganj _bNew Delhi _e110002 |
||
| 300 |
_a380p. _c28cm(Pbk) |
||
| 942 |
_2ddc _cEN _mPIN _h480 |
||
| 999 |
_c199522 _d199522 |
||